Sports Quiz

Random Sports or Logo Quiz

An Eye In Team Quiz Stats

Quiz Updated Apr 28, 2016

Also try: Sports Logos
Challenge
Share
Tweet
Score 0/30 Timer 06:00
13 Plays Today
Number Team % Correct
12Arizona Cardinals
94.3%
2Boston Celtics
92.4%
3Baltimore Ravens
89.6%
9Cleveland Indians
88.4%
5Minnesota Vikings
87.2%
25Seattle Seahawks
87%
24Jacksonville Jaguars
86.7%
23Baltimore Orioles
83.9%
30Chicago Bulls
83.3%
1Chicago Blackhawks
82.3%
10Minnesota Timberwolves
80.3%
29Philadelphia Eagles
75.6%
4Denver Broncos
75.1%
8New Orleans Pelicans
72.9%
7Toronto Blue Jays
71.4%
Number Team % Correct
26Memphis Grizzlies
71.2%
21Carolina Panthers
71.2%
15Atlanta Hawks
69.3%
11Charlotte Hornets
63.3%
28Toronto Raptors
61.7%
22Washington Redskins
61.1%
19Milwaukee Bucks
60.6%
18Oakland Raiders
55.2%
20Miami Dolphins
52.7%
27Tampa Bay Buccaneers
50.5%
14New England Patriots
50.4%
16Nashville Predators
49.2%
6Los Angeles Rams
37.9%
17Ottawa Senators
32.1%
13Pittsburgh Pirates
31.4%

You're not logged in!

Compare scores with friends on all Sporcle quizzes.
Sign Up with Email
OR
Log In

You Might Also Like...

Show Comments

Extras

Top Quizzes Today


Score Distribution

Your Account Isn't Verified!

In order to create a playlist on Sporcle, you need to verify the email address you used during registration. Go to your Sporcle Settings to finish the process.